00557 a2200169 4500003000400000005001700004008004100021020001800062040000900080082001900089100002000108245003000128260003900158942004400197952012900241999001700370OSt20231229101837.0231229b |||||||| |||| 00| 0 eng d a9789389915723 coclc a891.433bNAG/V aNagarjun910139 aVARUN KE BETE /cNagarjun aNew Delhi:bVani Prakashan,c2020. 2ddccBKh891.433iNAG/Vk891.433mNAG/V 00102ddc40708FICaMESbMEScHINd2023-12-29l0o891.433 NAG/Vp43240r2023-12-29 10:19:19v199.00w2023-12-29yBKzGR7R2 c43606d43606